[Event "Hilversum op"]
[Site "Hilversum"]
[Date "2018.06.23"]
[Round "3"]
[White "Hoornstra, Hans"]
[Black "De Boer, Eelke"]
[Result "0-1"]
[WhiteElo "2085"]
[BlackElo "2325"]
[PlyCount "92"]
[EventDate "2018.06.22"]
[EventType "swiss"]
[EventRounds "6"]
[EventCountry "NED"]
[SourceTitle "CBM 185 Extra"]
[Source "ChessBase"]
[SourceDate "2018.07.29"]
[SourceVersion "1"]
[SourceVersionDate "2018.07.29"]
[SourceQuality "1"]

1. e4 c5 2. Nf3 d6 3. d4 cxd4 4. Nxd4 Nf6 5. Nc3 a6 6. f3 e5 7. Nb3 Be6 8. Be3 h5 9. Qd2 Nbd7 10. Nd5 Bxd5 11. exd5 g6 12. Be2 Bg7 13. Na5 Qc7 14. c4 e4 15. 0-0 Ne5 16. Rac1 b6 17. Nb3 exf3 18. gxf3 0-0 19. Nd4 Rfe8 20. b4 Qd7 21. Nb3 Rab8 22. Rcd1 b5 23. c5 Nc4 24. Bxc4 bxc4 25. Na5 c3 26. Qf2 Rxb4 27. c6 Qc7 28. Nb3 Rb5 29. Bd4 Rxd5 30. Qc2 Qxc6 31. Qxc3 Rg5+ 32. Kf2 Qb5 33. Rfe1 Nd5 34. Rxe8+ Qxe8 35. Re1 Bxd4+ 36. Qxd4 Re5 37. Re4 Qe6 38. Nc5 Qh3 39. Rxe5 Qxh2+ 40. Ke1 Qxe5+ 41. Qxe5 dxe5 42. Nxa6 Nc3 43. a3 e4 44. Nc5 e3 45. a4 h4 46. a5 h3 0-1

[Event "Maastricht Limburg op-A 8th"]
[Site "Maastricht"]
[Date "2014.06.07"]
[Round "2"]
[White "Hoornstra, Hans"]
[Black "Bons, Jasper"]
[Result "0-1"]
[WhiteElo "1965"]
[BlackElo "2072"]
[PlyCount "50"]
[EventDate "2014.06.06"]
[EventType "swiss"]
[EventRounds "7"]
[EventCountry "NED"]
[SourceTitle "CBM 160 Extra"]
[Source "ChessBase"]
[SourceDate "2014.07.01"]
[SourceVersion "1"]
[SourceVersionDate "2014.07.01"]
[SourceQuality "1"]

1. e4 c5 2. Nf3 Nc6 3. d4 cxd4 4. Nxd4 g6 5. Nc3 Bg7 6. Be3 Nf6 7. Bc4 0-0 8. Bb3 a5 9. 0-0 a4 10. Nxa4 Nxe4 11. Re1 d5 12. Nb5 Rxa4 13. Bxa4 Bxb2 14. Rb1 Bc3 15. f3 Bxe1 16. fxe4 Bh4 17. exd5 Qa5 18. c4 Ne5 19. Bb3 Bf5 20. Rc1 Ng4 21. Qd2 Qd8 22. Bd4 e5 23. dxe6 Bf2+ 24. Kh1 Qb8 25. g3 Be4# 0-1